| 000 | 00355nam a2200145Ia 4500 | ||
|---|---|---|---|
| 005 | 20251222152712.0 | ||
| 008 | 251222s9999||||xx |||||||||||||| ||spa|| | ||
| 020 | _a9682432294 | ||
| 082 | _a628.445/T79 | ||
| 100 | _aTrejo Vázquez, Rodolfo | ||
| 245 | 0 | _aProcesamiento de la Basura Urbana | |
| 250 | _a1ra.ed. | ||
| 264 | _bTrillas S.A. | ||
| 942 | _cLIB | ||
| 999 |
_c29255 _d29255 |
||